000 01081nam a2200253 a 4500
008 120416s1990 ||||||||||||||||| || u
020 _a0313268533
050 _aJC 599.A31 Eme
100 _aAnikpo, Mark O. C
245 1 0 _aEmerging human rights
_cedited by G. W. Shepherd
246 _athe African political economy context
260 _aNew York
_bGreenwood Press
_c1990
300 _aviii, 244 p. : ill.
350 _a0.00
490 _aStudies in human rights, 0146-3586
490 _vno. 8
500 _a'Published under the auspices of the Consortium on Human Rights Development.' -Includes bibliographical references (p. [223]-235) and index.
650 _aDISTRIBUTIVE JUSTICE--AFRICA, SUB-SAHARAN
650 _aHUMAN RIGHTS--AFRICA, SUB-SAHARAN
650 _aSOCIAL JUSTICE--AFRICA, SUB-SAHARAN
650 _aPOLITICS
710 _aUniversity of Denver. Consortium on Human Rights Development
995 _D0.00
_FCBU-MAIN LIBRARY (Kitwe)
_H1
_I42.95
_M1
_UAVAILABLE
_ZMain Library Open Access Collection
999 _c41740
_d41740